Gaming Quiz

Random Gaming or Card Games Quiz

MtG Non mono-green elf cards Quiz Stats

 Plays Quiz not verified by Sporcle

Challenge
Share
Tweet
Embed
Score 0/77 Timer 15:00
0 Plays Today
Colors Card Name % Correct
Red/GreenBloodbraid Elf
68.8%
White/GreenRhys the Redeemed
53.1%
Black/GreenDeathrite Shaman
50%
Black/GreenJarad, Golgari Lich-Lord
50%
Black/GreenNath of the Gilt-Leaf
43.8%
Black/GreenGlissa, the Traitor
42.9%
BlackGilt-Leaf Winnower
42.9%
BlackEyeblight's Ending
37.5%
BlackMaralen of the Mornsong
37.5%
White/GreenSelesnya Guildmage
37.5%
Blue/GreenCoiling Oracle
37.5%
Red/GreenRadha, Heir to Keld
34.4%
White/GreenWilt-Leaf Liege
34.4%
Blue/GreenMomir Vig, Simic Visionary
34.4%
Red/Green/WhiteNaya Hushblade
34.4%
Red/Green/WhiteNaya Sojourners
34.4%
ColorlessElf Replica
34.4%
Black/GreenGolgari Guildmage
31.3%
White/GreenElvish Hexhunter
31.3%
Red/Green/WhiteMayael the Anima
31.3%
Black/GreenKorozda Guildmage
28.6%
Blue/GreenEdric, Spymaster of Trest
28.6%
Blue/GreenMaster Biomancer
28.6%
Blue/GreenZameck Guildmage
28.6%
BlackEyeblight Assassin
28.6%
BlackGnarlroot Trapper
28.6%
Blue/GreenEzuri, Claw of Progress
28.6%
Black/Green/BlueLeovold, Emissary of Trest
28.6%
BlackMoonglove Winnower
28.1%
Black/GreenLlanowar Dead
28.1%
Black/GreenSavra, Queen of the Golgari
28.1%
White/GreenSelesnya Evangel
28.1%
White/GreenTolsimir Wolfblood
28.1%
Blue/GreenGaea's Skyfolk
28.1%
Blue/GreenSages of the Anima
28.1%
Blue/GreenSimic Guildmage
28.1%
White/GreenSafehold Duo
25%
Red/Green/WhiteKnotvine Mystic
25%
BlackHunter of Eyeblights
21.9%
Colors Card Name % Correct
BlackLys Alana Scarblade
21.9%
BlackScarblade Elite
21.9%
Red/GreenGodtracker of Jund
21.9%
White/GreenLlanowar Knight
21.9%
White/GreenMedicine Runner
21.9%
White/GreenOracle of Nectars
21.9%
White/GreenSafehold Elite
21.9%
WhiteElvish Healer
18.8%
WhiteSafehold Sentry
18.8%
BlackBlightsoil Druid
18.8%
BlackProwess of the Fair
18.8%
Red/GreenYavimaya Barbarian
18.8%
BlackScarred Vinebreeder
15.6%
Red/GreenMarhault Elsdragon
15.6%
White/GreenSteel Leaf Paladin
15.6%
White/GreenWilt-Leaf Cavaliers
15.6%
White/GreenJoraga Auxiliary
14.3%
Black/GreenShaman of the Pack
14.3%
Red/GreenTana, the Bloodsower
14.3%
Blue/GreenRashmi, Eternities Crafter
14.3%
Blue/GreenSkyrider Elf
14.3%
WhiteDevoted Hero
12.5%
White/GreenRaven's Run Dragoon
12.5%
White/GreenSeedcradle Witch
12.5%
WhiteKeen-Eyed Archers
9.4%
WhiteRune-Cervin Rider
9.4%
BlackPlague Witch
9.4%
White/GreenSelesnya Sagittars
9.4%
BlackDeadbridge Shaman
0%
White/GreenArmored Wolf-Rider
0%
White/GreenGrovetender Druids
0%
White/GreenEmmara Tandris
0%
White/GreenTrostani's Summoner
0%
Red/GreenMina and Denn, Wildborn
0%
BlackThornbow Archer
0%
White/GreenSelvala, Explorer Returned
0%
Red/GreenHallar, the Firefletcher
0%
Red/GreenGrand Warlord Radha
0%

You're not logged in!

Compare scores with friends on all Sporcle quizzes.
Join for Free
OR
Log In

You Might Also Like...

Show Comments

Extras

Top Quizzes Today


Score Distribution

Your Account Isn't Verified!

In order to create a playlist on Sporcle, you need to verify the email address you used during registration. Go to your Sporcle Settings to finish the process.

Report this User

Report this user for behavior that violates our Community Guidelines.

Details: